000
00340 a2200157 4500
001
58951
020
_a
8508086504
040
_c
Anchieta - Pituba
100
_a
Teixeira JĂșnior, Luiz Alexandre
240
1
0
_a
O engenho colonial
_l
por
245
1
0
_a
O engenho colonial
300
_a
39
362
0
_a
2003
650
4
_a
Brasil
942
_c
BK
999
_c
58951
_d
58951